000
00322nam a2200133Ia 4500
003
OSt
005
20240208121148.0
008
170524s9999 xx 000 0 und d
020
_a
978-0471137726
040
_c
IIMT UNIVERSITY MEERUT
100
_a
Cohen DIA
245
0
_a
Introducation to Computer Theory
942
_2
ddc
_c
02
999
_c
4268
_d
4268